01561nam a22002057a 450000500170000000800410001702000180005804000070007604100080008308200230009110000100011424500480012426000500017230000310022236500540025352009810030765000080128865000410129665000180133720250404113743.0250404b |||||||| |||| 00| 0 eng d a9788197953095 cAL aeng 223a347.06054 MULB aMulla aBharatiya Sakshya Adhiniyam 2023 47 of 2023 aUttar PradeshbDelhi Publishing Companyc2025 acxliii,848p.bHBc25x17cm. 2Lawa1791b2624.35c₹d3595.00e27%f14-03-2025 aThe Bharatiya Sakshya Adhiniyam 2023 (BSA) by Mulla, Edition 2025, is a comprehensive legal reference book that provides an in-depth analysis of the Indian Evidence Act, 1872. This authoritative text is an essential resource for legal professionals, students, and anyone interested in understanding the intricacies of the Indian legal system. With its meticulous attention to detail and expert commentary, this edition offers a thorough examination of the Act, including its historical background, interpretation, and practical applications. Whether you are preparing for exams, conducting research, or seeking guidance on evidentiary matters, the Bharatiya Sakshya Adhiniyam 2023 (BSA) by Mulla is an indispensable tool that will enhance your knowledge and understanding of this crucial aspect of Indian law. Meticulously updated to reflect the latest amendments and judicial precedents, this edition ensures that you have access to the most current and reliable information. aLaw aIndian Evidence Act 1872 (1 of 1872) aLegal Rulings